La pâtisserie - D - Statistiques

Statistiques générales
  • Ce quiz a été pris 53 fois
    13 depuis la dernière actualisation
  • Le résultat moyen est 5 sur 12
Statistiques - réponses
Par images Réponse % Correct
Donut
100%
Verre {doseur}
100%
{Dame} {blanche}
82%
Dorure
64%
Douilles
64%
Crème {diplomate}
27%
Détailler
27%
Dressage
27%
Biscuit {dacquois}
18%
Chocolat {dulcey}
18%
Dartois
9%
{Détremper} le feuilletage
9%
Aucun quiz correspondant
Distribution des résultats
% des personnes avec chaque résultat
Percentile par nombre de réponses
Votre historique - résultats
Vous n’avez pas pris ce quiz depuis la dernière actualisation